| 000 | 00746nam a2200205Ia 4500 | ||
|---|---|---|---|
| 003 | GCL | ||
| 005 | 20240530104833.0 | ||
| 008 | 140319s9999 xx 000 0 ara d | ||
| 040 |
_aGCL / _cGCL |
||
| 082 | 0 | 4 |
_a370.778/ _bج ت |
| 100 | 1 | _aالجمعية المصرية لتكنولوجيا الت | |
| 245 | 1 | 0 |
_aتكنولوجيا التعليم: سلسلة دراسات وبحوث / _cالجمعية المصرية لتكنولوجيا الت |
| 300 | _a140 ص | ||
| 490 |
_aالجمعية المصرية لتكنولوجيا التعليم _v0 |
||
| 650 | 0 | 4 | _aالتعليم |
| 650 | 0 | 4 | _aدوريات |
| 650 | 0 | 4 | _aالوسائل التعليمية |
| 650 | 0 | 4 | _aالتعليم - وسائل سمعية و بصرية |
| 942 |
_2ddc _cBK |
||
| 999 |
_c51076 _d51076 |
||